Vocabulario básico de la Revolución Francesa.
Guardat en:
| Autor principal: | |
|---|---|
| Altres autors: | , |
| Format: | Llibre |
| Idioma: | espanyol |
| Publicat: |
Barcelona, España:
Crítica,
1985.
|
| Col·lecció: | Serie General Estudios y Ensayos, 140.
|
| Matèries: | |
| Etiquetes: |
Afegir etiqueta
Sense etiquetes, Sigues el primer a etiquetar aquest registre!
|
MARC
| LEADER | 00000nam a2200000 a 4500 | ||
|---|---|---|---|
| 001 | UCX1538 | ||
| 003 | CL-VaPUC | ||
| 005 | 20220822114323.0 | ||
| 008 | 900924e19850000SP |||||||||||||||||spa|d | ||
| 999 | |c 222743 |d 222741 | ||
| 020 | |a 84-7423-250-3 | ||
| 040 | |c Pontificia Universidad Católica de Valparaíso | ||
| 082 | 0 | 4 | |a 944.04 PER 1985 |2 21 |
| 100 | 0 | |a Péronnet, Michel |e autor |9 317072 | |
| 245 | 1 | 0 | |a Vocabulario básico de la Revolución Francesa. |
| 260 | |a Barcelona, España: |b Crítica, |c 1985. | ||
| 300 | |a 302 páginas. | ||
| 440 | |a Serie General Estudios y Ensayos, 140. |9 865767 | ||
| 500 | |a c.4 Donación Familia Prof. Alejandro Guzmán Brito. | ||
| 583 | |a last modification |c 19900924 00:00:00 |k Rodrigo Vera | ||
| 651 | 0 | |a Francia |x Historia de la revolución |y 1789-1799 |9 255157 | |
| 700 | |a Godechot, Jacques León |9 320234 |e prefacio | ||
| 700 | |a Bordonava, Pablo |e traducción castellana |9 865768 | ||
| 942 | |c BK |2 ddc |n 0 | ||
| 945 | |d 19900924 00:00:00 | ||
| 952 | |0 0 |1 0 |4 0 |6 944_040000000000000_PER_1985 |7 0 |8 A |9 217902 |a BIBHIS |b BIBHIS |d 2019-11-15 |i 2867699 |o 944.04 PER 1985 |p 2867699 |r 2025-01-20 |w 2019-11-15 |y BK |k HIS | ||
| 952 | |0 0 |1 0 |4 0 |6 944_040000000000000_PER_1985 |7 0 |8 A |9 217903 |a BIBHIS |b BIBHIS |d 2019-11-15 |i 2867702 |o 944.04 PER 1985 |p 2867702 |r 2025-01-20 |w 2019-11-15 |y BK |k HIS | ||
| 952 | |0 0 |1 0 |4 0 |6 944_040000000000000_PER_1985 |7 0 |8 A |9 217904 |a BIBHIS |b BIBHIS |d 2019-11-15 |i 1382276 |o 944.04 PER 1985 |p 1382276 |r 2025-01-20 |w 2019-11-15 |y BK |k HIS | ||
| 952 | |0 0 |1 0 |2 ddc |4 0 |6 944_040000000000000_PER_1985 |7 1 |8 C_AGB |9 580516 |a BIBDER |b BIBDER |d 2022-01-13 |e Donación |i 5638348 |o 944.04 PER 1985 |p 5638348 |r 2023-01-25 |t 4 |w 2022-01-13 |y BK_US |k AGB | ||